|
|
|
|
| LEADER |
00000nam0a2200000 4500 |
| 001 |
229523 |
| 005 |
20231101230937.0 |
| 035 |
|
|
|a (RuTPU)RU\TPU\book\250142
|
| 090 |
|
|
|a 229523
|
| 100 |
|
|
|a 20130114d2012 k y0rusy50 ca
|
| 101 |
0 |
|
|a rus
|
| 102 |
|
|
|a RU
|
| 105 |
|
|
|a a dm 001zy
|
| 200 |
1 |
|
|a Критерии технической эффективности для выбора уставок и оценки качества настройки дистанционных защит электрических сетей
|e автореферат диссертации на соискание ученой степени кандидата технических наук
|e спец. 05.14.02
|f Чан Хоанг Куанг Минь
|g Национальный исследовательский Томский политехнический университет (ТПУ) ; науч. рук. А. В. Шмойлов
|
| 210 |
|
|
|a Томск
|d 2012
|
| 215 |
|
|
|a 22 с.
|c ил.
|
| 300 |
|
|
|a Защита сост. 26.12.2012 г.
|
| 320 |
|
|
|a Библиогр.: с. 21-22 (12 назв.).
|
| 452 |
|
1 |
|0 (RuTPU)RU\TPU\book\248120
|t Критерии технической эффективности для выбора уставок и оценки качества настройки дистанционных защит электрических сетей
|o автореферат диссертации на соискание ученой степени кандидата технических наук
|o спец. 05.14.02
|f Чан Хоанг Куанг Минь
|g Национальный исследовательский Томский политехнический университет (ТПУ) ; науч. рук. А. В. Шмойлов
|c Томск
|d 2012
|
| 606 |
1 |
|
|a Электрические сети
|x Защита
|2 stltpush
|3 (RuTPU)RU\TPU\subj\27401
|9 51161
|
| 610 |
1 |
|
|a релейная защита
|
| 610 |
1 |
|
|a дистанционная защита
|
| 610 |
1 |
|
|a технические характеристики
|
| 610 |
1 |
|
|a техническая эффективность
|
| 610 |
1 |
|
|a потери
|
| 610 |
1 |
|
|a количественное описание
|
| 610 |
1 |
|
|a вероятностные меры
|
| 610 |
1 |
|
|a ступени
|
| 610 |
1 |
|
|a настройка
|
| 610 |
1 |
|
|a расчет
|
| 610 |
1 |
|
|a авторефераты диссертаций
|
| 610 |
1 |
|
|a труды учёных ТПУ
|
| 675 |
|
|
|a 621.316.9(04)
|v 3
|
| 686 |
|
|
|a 05.14.02
|2 oksvnk
|
| 700 |
|
0 |
|a Чан Хоанг Куанг Минь
|c вьетнамский специалист в области электроэнергетики
|c аспирант Томского политехнического университета
|f 1985-
|2 stltpush
|3 (RuTPU)RU\TPU\pers\29600
|
| 702 |
|
1 |
|a Шмойлов
|b А. В.
|c специалист в области электроэнергетики
|c доцент Томского политехнического университета, кандидат технических наук
|f 1939-
|g Анатолий Васильевич
|2 stltpush
|3 (RuTPU)RU\TPU\pers\26025
|4 727
|
| 712 |
0 |
2 |
|a Национальный исследовательский Томский политехнический университет (ТПУ)
|c (2009- )
|2 stltpush
|3 (RuTPU)RU\TPU\col\15902
|
| 801 |
|
1 |
|a RU
|b 63413507
|c 20130114
|
| 801 |
|
2 |
|a RU
|b 63413507
|c 20130201
|g RCR
|
| 942 |
|
|
|c BK
|